• 首页
  • 本馆介绍
  • 公告通知
  • 最新文献
  • 馆藏检索
  • 电子资源
  • 读者导购
  • 参考咨询
  • 我的图书馆
  • 登录
  • 详细信息显示
  • 放入我的书架
  • 预约/预借图书
  • 作者相关作品
  • 分类相关作品
  • 丛书相关作品
  • 出版社相关作品

书目信息

  • 表格格式
  • 工作单格式
  • 卡片格式
题名:
白居易
    
 
作者: 邢朔平 著 ;邢万军 主编
分册:  
出版信息: 哈尔滨   北方文艺出版社  2019.1
页数: 215页
开本: 24cm
丛书名:
单 册:
中图分类: K825.6=424
科图分类:
主题词:
电子资源:
ISBN: 978-7-5317-4415-3
000 01052nam0 2200277 450
001 2156261444
005 20211011172911.0
010    @a978-7-5317-4415-3@dCNY36.00
100    @a20190731d2019 em y0chiy50 ea
101 0  @achi
102    @aCN@b230000
105    @ay z 000yd
106    @ar
200 1  @a白居易@Abai ju yi@e诗若珠玉,情怀苍生@f邢朔平著@g邢万军主编
210    @a哈尔滨@c北方文艺出版社@d2019.1
215    @a215页@d24cm
300    @a走近诗词品人生系列
330    @a本书共十章,内容包括:书香里的少年郎;千里别,风雪一身;断肠泪人间天上;追逐心中的太阳;当悲伤逆流成诗;颠簸于命运的歧路;随着命运的风散落天涯;柔美染指了光阴;寻寻觅觅中迷茫;半生梦过无痕。
517 1  @a诗若珠玉,情怀苍生@Ashi ruo zhu yu qing huai cang sheng
600  0 @a白居易@Abai ju yi@f(772-846)@x人物研究
600  0 @a白居易@Abai ju yi@f(772-846)@x唐诗@x诗歌研究
690    @aK825.6=424@v5
701  0 @a邢朔平@Axing shuo ping@4著
702  0 @a邢万军@Axing wan jun@4主编
801  0 @aCN@b百万庄@c20211006
905    @b1305202-05@dK825.6=424@e1455@f4
    
    白居易:诗若珠玉,情怀苍生/邢朔平著/邢万军主编.-哈尔滨:北方文艺出版社,2019.1
    215页;24cm
    走近诗词品人生系列
    
    ISBN 978-7-5317-4415-3:CNY36.00
    本书共十章,内容包括:书香里的少年郎;千里别,风雪一身;断肠泪人间天上;追逐心中的太阳;当悲伤逆流成诗;颠簸于命运的歧路;随着命运的风散落天涯;柔美染指了光阴;寻寻觅觅中迷茫;半生梦过无痕。
●
相关链接 在E读中查询图书 在五车中查询图书 在当当中查询图书 在豆瓣中查询图书


正题名:白居易     索取号:K825.6=424/1455         预约/预借

序号 登录号 条形码 馆藏地/架位号 状态 备注
1 1305202   213052024   第二样本阅览室/ [索取号:K825.6=424/1455] 在馆    
2 1305203   213052033   第二借阅区/ [索取号:K825.6=424/1455] 在馆    
3 1305204   213052042   第二借阅区/ [索取号:K825.6=424/1455] 在馆    
4 1305205   213052051   第二借阅区/ [索取号:K825.6=424/1455] 在馆    
唐山师范学院图书馆 欢迎您!
大连网信软件有限公司© 版权所有